000 00445cam a2200181ua 4500
020 _c56.00
041 _aeng
_h
082 _a028.7392
_bTHO/CH
100 _aThorne, J O .
245 0 0 _aChamber`s biographical dictionary /
_cJ O Thorne.
_hTextual Documents
250 _a2 /
_b.
260 _aLondon :
_bW & R Chambers Ltd ,
_c1963.
300 _a1432 ; .
365 _a56.00
504 _a
942 _cBK
999 _c10835
_d10835